| 000 | 00548nam a2200181 i 4500 | ||
|---|---|---|---|
| 001 | 102603 | ||
| 003 | ES-MaACL | ||
| 005 | 20230906183137.0 | ||
| 007 | t| | ||
| 008 | 051121s1963 pr ||||1| spa d | ||
| 080 | _a821.134.2(729.5)-14"19" | ||
| 100 | 1 |
_aRamírez de Arellano de Nolla, Olga. _995133 |
|
| 245 | 1 | 0 |
_aMar de poesía / _cOlga Ramírez de Arellano de Nolla. |
| 260 |
_aSan Juan, Puerto Rico : _bJuan Ponce de León, _c1963. |
||
| 300 |
_a74 p. ; _c21 cm. |
||
| 852 |
_aES-MaACL _jE-11098 _bR.136797 |
||
| 852 |
_aES-MaACL _jC-22705 |
||
| 999 |
_c102603 _d102603 |
||